000 00990nam a2200313 i 4500
001 bg
100 1 _aSolomon, Eldra Pearl.
245 1 0 _aBiologia /
_cEldra P. Solomon, Linda R. Berg, Diana W. Martin ; [tł. Barbara Bilińska et al.].
246 1 _iTyt. oryg.:
_aBiology
260 _aWarszawa :
_bMultico Oficyna Wydawnicza,
_ccop. 2007.
300 _aXXXVII, [1], 1108, [99] s. :
_bil. kolor. ;
_c29 cm +
_edysk optyczny (CD).
500 _aWg 7 wyd. ameryk.
504 _aIndeks.
650 9 _aBiologia
655 _aPodręczniki akademickie
700 1 _aBerg, Linda R.
700 1 _aMartin, Diana W.
700 1 _aBilińska, Barbara
_d(1949- ).
_eTł.
015 _aPB 6299/2008
020 _a9788370734121
040 _cBPK
041 1 _apol
_heng
044 _aPOL
080 _a57/59(075.8)
920 _a978-83-7073-412-1
942 _cKS
008 080131s2007 pl a f f |001 0 pol
999 _c55841
_d55841
856 _uhttp://koha.tu.koszalin.pl/cgi-bin/koha/opac-detail.pl?biblionumber=55841
_yKatalog online BPK